Emmy - Comedy Actress Quiz Stats

 Plays Quiz Updated Sep 19, 2021

Support Sporcle.
Go Orange.
Score 0/47 Timer 05:00
3 Plays Today
Year Actress % Correct
2002Jennifer Aniston
87%
2008Tina Fey
85.5%
1993Roseanne Arnold
85.1%
2016Julia Louis-Dreyfus
84.9%
2017Julia Louis-Dreyfus
84.9%
1976Mary Tyler Moore
84.7%
2015Julia Louis-Dreyfus
84.4%
2013Julia Louis-Dreyfus
84%
2014Julia Louis-Dreyfus
84%
2004Sarah Jessica Parker
82.4%
2012Julia Louis-Dreyfus
82.2%
1996Helen Hunt
80.2%
1997Helen Hunt
80.2%
1998Helen Hunt
80.2%
1999Helen Hunt
80.2%
1986Betty White
77.1%
1988Beatrice Arthur
74.6%
1977Beatrice Arthur
74.2%
2006Julia Louis-Dreyfus
73%
1989Candice Bergen
70.5%
1990Candice Bergen
70.5%
1992Candice Bergen
70.5%
1994Candice Bergen
70.5%
1995Candice Bergen
70.5%
Year Actress % Correct
2003Debra Messing
64%
1991Kirstie Alley
63.6%
1983Shelley Long
62%
2020Catherine O'Hara
61.3%
2007America Ferrera
59.4%
2000Patricia Heaton
57.1%
2001Patricia Heaton
57.1%
2021Jean Smart
48.4%
2019Phoebe Waller-Bridge
46.3%
2005Felicity Huffman
44.2%
1978Jean Stapleton
41.8%
1975Valerie Harper
40.3%
1987Rue McClanahan
38.6%
1984Jane Curtin
35.3%
1985Jane Curtin
35.3%
2018Rachel Brosnahan
35.1%
2010Edie Falco
33.3%
2009Toni Collette
31.5%
2011Melissa McCarthy
29%
1982Carol Kane
20.1%
1981Isabel Sanford
18.7%
1980Cathryn Damon
6.9%
1979Ruth Gordon
6.7%

From the Vault

Vocabulary Blitz XX

by iglew

Language 60s
Thankfully, there are enough words in the English dictionary to keep these coming for a long, long time.
Remove Ads.
Support Sporcle.
Get the best of Sporcle when you Go Orange. This ad-free experience offers more features, more stats, and more fun while also helping to support Sporcle. Thank you for becoming a member.

Show Comments

Extras

Top Quizzes Today


Score Distribution

Your Account Isn't Verified!

In order to create a playlist on Sporcle, you need to verify the email address you used during registration. Go to your Sporcle Settings to finish the process.

Report this User

Report this user for behavior that violates our Community Guidelines.

Details: